Nevidzany 1113 - 1993 880. výročie obce ; Sprac. Jozef Bátora, Ján Striežka

Bibliographic Details
Other Authors: Bátora, Jozef, 1950- (apd), Striežka, Ján (apd)
Format: Book
Language:Slovak
PhysicalDescription:63 s. Fotogr., kres., mp., rekl. 20x14,5 cm
Published: Nitra Nevidzany Regionálne kultúrne stredisko Obecný úrad [vyd.] 1993
ISBN:8021600063
Edition:1. vyd.
Subjects:

MARC

LEADER 00000nam a2200000 a 4500
001 vtls001246281
003 SK-MaSNL
005 20260301101149.0
008 250414s1993 xo 0 slo
020 |a 8021600063 
035 |a SNK000197099 
040 |a SNK  |b slo  |c SNK  |e AACR2 
041 0 |a slo 
044 |a xo  |c SK 
080 |a 908.437.622(085)"1113/1993"  |2 1981 
080 |a 943.76  |2 1981 
245 0 0 |a Nevidzany 1113 - 1993  |b 880. výročie obce ; Sprac. Jozef Bátora, Ján Striežka 
250 |a 1. vyd. 
260 |a Nitra  |b Regionálne kultúrne stredisko  |a Nevidzany  |b Obecný úrad [vyd.]  |c 1993  |e Nitra  |f Regionálne kultúrne stredisko 
300 |a 63 s.  |b Fotogr., kres., mp., rekl.  |c 20x14,5 cm 
366 |e 600 výt. 
651 7 |a 5206  |2 SNK  |9 283253 
655 7 |a výročné správy  |2 SNK  |9 70580 
700 1 |a Bátora, Jozef,  |d 1950-  |4 apd  |9 104666 
700 1 |a Striežka, Ján  |4 apd  |9 435038 
852 |a Slovenská národná knižnica 
919 |a 80-216-0006-3 
958 |a TL 
999 |c 688439  |d 690369 
952 |a SNK  |b SNK  |y PREZ  |7 0  |p 17A1045682  |o snkSD 65872   |0 0  |1 0  |4 0  |d 2013-07-18  |l 0  |r 2026-02-23 20:19:00  |w 2026-02-23 
952 |t P60, <04>, [BOOK], {604}  |a SNK  |b SNK  |y VYP  |7 0  |p 17A0073826  |o snkSD 65872 D1  |0 0  |1 0  |4 0  |d 1997-06-13  |l 0  |r 2005-01-01 00:00:00  |w 2026-02-23